000 01776nam0a2200385 4500
001 RU\NLR\bibl\322512
005 20260407073505.0
010 _a5-7205-0461-3
_92500
021 _aRU
_b2002-33644
_91655
035 _a(NLR Aleph) 000317539
090 _a76464
_c76464
100 _a20021016d2002 |||y0rusy50 ca
101 0 _arus
102 _aRU
105 _ay |||||||||
200 1 _aКомментарий к Закону о государственном земельном кадастре
_e(Постатейный)
_f[Галиновская Е. А. и др.]
_gПод ред. Е. А. Галиновской
210 _aМ.
_cЮстицинформ
_d2002
215 _a151 с.
_d21
225 1 _aБиблиотека журнала "Право и экономика"
606 0 _aЗемельный кадастр
_jЗаконы, постановления и т.п.
_jКомментарии
_yРоссийская Федерация
_92135892
_3RU\NLR\auth\661287957
606 0 _aЗемельный кадастр
_jЗаконодательные материалы
_jКомментарии
_yРоссийская Федерация
_92135892
_3RU\NLR\auth\661287957
610 0 _aЗемельный кадастр Российской Федерации - Законодательство
675 _a349.4(470)(094.5.072)
_v3
_zrus
686 _a10.55
_2rugasnti
686 _a67.407
_2rubbk
686 _aХ625.511-39(2Р)
702 1 _aГалиновская
_bЕ. А.
_4220
741 1 _aРоссийская Федерация
_tЗаконы
_3RU\NLR\AUTH\883331
_9277893
801 0 _aRU
_bRKP
_c20021016
_gPSBO
801 1 _aRU
_bRKP
_c20021016
801 2 _aRU
_bNLR
_c20081119
_grcr
942 _cBOOK
980 _aNB